000 00680nam a2200181 a 4500
001 000039868
005 20201002033800.0
008 130725s2005 sp 000 0 spa d
020 _a8400083113
040 _aDO-SdBNP
_bspa
_cBNPHU
082 _axxx
100 1 _aDurán López, Fernando
_966074
245 1 0 _aVidas de sabios :
_bEl nacimiento de la autobiografía moderna en España (1733-1848) /
_cFernando Durán López.
260 _aMadrid :
_bConsejo Superior de Investigaciones Científicas,
_bInstituto de la Lengua Española,
_c2005.
300 _a513 p. ;
_c24 cm.
490 1 _aAnejos de revista de literatura
_v65
830 0 _aAnejos de revista de literatura
_v65
_915426
999 _c39358
_d39358